مترو مرجانی / (Record no. 106120)

MARC details
000 -LEADER
fixed length control field 00871nam a22002657a 4500
005 - DATE AND TIME OF LATEST TRANSACTION
control field 20170123162303.0
010 ## - LIBRARY OF CONGRESS CONTROL NUMBER
LC control number B-133784
020 ## - INTERNATIONAL STANDARD BOOK NUMBER
Terms of availability 35.00
International Standard Book Number 8123743483
035 ## - SYSTEM CONTROL NUMBER
System control number B-133784
037 ## - SOURCE OF ACQUISITION
Source of stock number/acquisition Cen Lib/Ret
040 ## - CATALOGING SOURCE
Original cataloging agency DPL
Language of cataloging UR
082 ## - DEWEY DECIMAL CLASSIFICATION NUMBER
Classification number ن
Item number س و ب
100 ## - MAIN ENTRY--PERSONAL NAME
Personal name سوبتی، کرشنا
9 (RLIN) 142768
245 ## - TITLE STATEMENT
Title مترو مرجانی /
Statement of responsibility, etc کرشنا سوبتی ; مترجم مخمور سیدی
246 ## - VARYING FORM OF TITLE
Remainder of title Mitro marjani /
Title proper/short title by Krishna Sobti ; mutarajim Makhmoor Sayidi
260 ## - PUBLICATION, DISTRIBUTION, ETC. (IMPRINT)
Place of publication, distribution, etc دہلی
Date of publication, distribution, etc 2004
Name of publisher, distributor, etc نیشنل بک ٹرسٹ
270 ## - ADDRESS
City دہلی
Address A-5, گرین پارک
Postal code 110016
300 ## - PHYSICAL DESCRIPTION
Extent 237p.
Dimensions 20cm(pbk)
650 ## - SUBJECT ADDED ENTRY--TOPICAL TERM
Topical term or geographic name as entry element اردو ادب
9 (RLIN) 142769
650 ## - SUBJECT ADDED ENTRY--TOPICAL TERM
Topical term or geographic name as entry element اردو ناول
9 (RLIN) 142770
650 ## - SUBJECT ADDED ENTRY--TOPICAL TERM
Topical term or geographic name as entry element Urdu litarature
9 (RLIN) 142771
650 ## - SUBJECT ADDED ENTRY--TOPICAL TERM
Topical term or geographic name as entry element Urdu novel
9 (RLIN) 142772
700 ## - ADDED ENTRY--PERSONAL NAME
Personal name مخمور سیدی
9 (RLIN) 142773
942 ## - ADDED ENTRY ELEMENTS (KOHA)
Source of classification or shelving scheme Dewey Decimal Classification
Koha item type Urdu Bks
Classification part ن
Call number suffix س و ب
Holdings
Withdrawn status Lost status Damaged status Not for loan Home library Current library Date acquired Source of acquisition Cost, normal purchase price Total Checkouts Full call number Barcode Date last seen Date checked out Copy number Cost, replacement price Price effective from Koha item type
        Central Library Central Library 14/12/2015 Cen Lib/Ret 35.00 1 ن س و ب B-133784 05/05/2018 21/04/2018 1 35.00 15/09/2016 Urdu Bks

© Delhi Public Library
Hit Counter
free hit counter